01497nam a2200325 a 4500001001000000003000500010005001700015008004100032010001100073011001100084040000900095090001000104100003400114245022800148260004100376500006000417502010000477590004100577590004000618590004000658650004200698650004300740856007000783901000700853942001000860942000600870999001900876952014000895952013601035000111228CHAP20220329144203.0150121s2014 mx sm |||||||spa d a107690 a108662 cCHAP aTesis1 aOrtiz Rojas, Everardo912905510aAnálisis de la dinámica del consumo de la tortilla de maíz en México e identificación de variables demográficas de los hogares Mexicanos que determinan el lugar de comprah[En línea]cpor Everardo Ortiz Rojas. aChapingo, Méx. :bEl autor,c2014. aPara ver el contenido del material haga clic en la liga aTesis (Lic. en Economía Agrícola) -- UACH. División de Ciencias Economico Administrativas aE11695DGDb10c20150123lUCH01h1147 aE5765TAJb05c20150121lUCH01h0940 aE5765TAJb05c20150121lUCH01h094014aTortillas de maízxConsumo.911432014aTortillas de maízxMercadeo.9129056 aFinding aiduhttp://10.13.5.2/tesis/sist111228.pdfzTeclea aquí aBK cTESIS n0 c107690d107690 00102local4053708TESISaBCbBCcPA_TESISd2015-01-21fTESISl0oTesisp33724002443611r2019-12-31 00:00:00tc.2w2019-12-31yTESIS 00104054718TESISaBCbBCd2015-01-21fTESISl0oTesisp33724002443652r2019-12-31 00:00:00w2019-12-31yTESISzRecien adquirido